Responses for Show #1496 - Monday, February 18, 1991

1991 Teen Tournament semifinal game 1.

Contestants

[<< previous game]

Maggie Large, a freshman from Vero Beach, Florida

Dana Bacon, a senior from Leader, Minnesota

Agatha Feltus, a junior from Lexington, Kentucky

[next game >>]

Jeopardy! Round responses

BIOLOGY
THE WHITE HOUSE
FANTASTIC TV
THE CONTINENTS
FOOD
"MUM"s THE WORD
    $100 2
canines

Maggie
    $100 26
(Maggie: What is silverware?)

china

DanaMaggie
    $100 21
Beauty and the Beast

Agatha
    $100 9
Antarctica

Dana
    $100 14
submarine

Agatha
    $100 1
the Mummy

Dana
    $200 3
an eye

Agatha
    $200 27
the Lincoln Room

Dana
    $200 22
London

Agatha
    $200 10
South America

Dana
    $200 17
(Dana: What is humble pie?)
(Agatha: What is pie?)

egg

AgathaDana
Triple Stumper
    $200 7
the Mummers Parade

Triple Stumper
    $300 4
(Maggie: What are [**]?)
[Maggie's response was ruled incorrect and the decision was reversed after the break.]

chromosomes (**chromatids)

DanaMaggie
    $300 28
the East Room

Maggie
    $300 23
Alien Nation

Agatha
    $300 11
Australia

Maggie
    $300 18
curry

Agatha
    $300 8
mumps

Dana
    $400 5
(Dana: What is the force of [*]?)

gravity

Dana
    $400 29
Andrew Jackson

Agatha
    $400 24
Bill & Ted

Dana
    $400 12
Africa

Maggie
    $400 19
scaloppine

Triple Stumper
    $400 15
mumblety-peg

Dana
    $500 6
the stomach

Agatha
    $500 30
LBJ (Lyndon Johnson)

Dana
    $500 25
(Agatha: Who is Scott Bakula?)

Dean Stockwell

Agatha
Triple Stumper
    $500 13
(Alex: The Dead Sea is the world's lowest point.)

Asia

Dana
    $500 20
(Dana: What are soy sauces?)

bean sprouts

DanaMaggie
    $500 16
mumbo-jumbo

Maggie

Scores at the first commercial break (after clue 13):

Agatha Dana Maggie
$700 $1,900 $1,100

Scores at the end of the Jeopardy! Round:

Agatha Dana Maggie
$1,400 $2,800 $2,300

Double Jeopardy! Round responses

BLACK AMERICA
TRAVEL & TOURISM
THE 1970s
ROCKS & MINERALS
FAMOUS QUOTES
ASTROLOGY
    $200 6
Mike Tyson

Maggie
    $200 26
the Revolutionary War

Dana
    $200 11
Israel

Agatha
    $200 16
gold

Dana
    $200 1
(Maggie: What is in [*]?)
(Alex: We'll give you that; at [*].)

the old ball game

Maggie
    $200 21
Pisces

Agatha
    $400 7
Malcolm X

Dana
    $400 27
Death Valley National Monument

Dana
    $400 12
Mao

Dana
    $400 17
lead

Dana
    $400 2
Edison

Agatha
    $400 22
Cancer

Maggie
    $600 8
(Colin) Powell

Dana
    $600 28
the Virgin Islands

Agatha
    $600 13
Watergate

Agatha
    $600 18
slate

Agatha
    $600 3
Theodore Roosevelt

Agatha
    $600 23
Gemini

Maggie
    $1,600 9
(Frederick) Douglass

Dana
    $800 29
the Champs-Élysées

Maggie
    $2,000 14
(Agatha: What is a thousand dollars?)

the $2 bill

Agatha
    $800 19
quartz

Dana
    $800 4
England

Dana
    $800 24
Sagittarius

Maggie
    $1000 10
(Dana: Who is McNair?)

Guion Bluford

Dana
Triple Stumper
    $1000 30
Florence

Agatha
    $1000 15
CFCs (chlorofluorocarbons)

Dana
    $1000 20
geodes

Agatha
    $1000 5
neighbor

Triple Stumper
    $1000 25
the cusp

Triple Stumper

Scores at the end of the Double Jeopardy! Round:

Agatha Dana Maggie
$4,600 $8,600 $5,300

[wagering suggestions for these scores]

Final Jeopardy! Round responses

ANCIENT LEGENDS
AgathaWhat is the Trojan Horse?
$4,600
MaggieWhat is the Trojan Horse?
$5,299
DanaWhat was the Trojan Horse?
$2,001
the Trojan Horse

Final scores:

Agatha Dana Maggie
$9,200 $10,601 $10,599
3rd place: $5,000 Finalist 2nd place: $5,000

Game dynamics:

Coryat scores:

Agatha Dana Maggie
$6,600 $7,800 $5,300
17 R,
3 W
(including 1 DD)
23 R
(including 2 DDs),
3 W
13 R,
1 W

Combined Coryat: $19,700

[game clues] [game scores] [suggest correction]

Game tape date: 1991-01-20
The J! Archive is created by fans, for fans. Scraping, republication, monetization, and malicious use prohibited; this site may use cookies and collect identifying information. See terms. The Jeopardy! game show and all elements thereof, including but not limited to copyright and trademark thereto, are the property of Jeopardy Productions, Inc. and are protected under law. This website is not affiliated with, sponsored by, or operated by Jeopardy Productions, Inc. Join the discussion at JBoard.tv.